| 000 | 003970000a22001210004500 | ||
|---|---|---|---|
| 090 |
_aAs _bSeriadas |
||
| 245 | 1 | 0 | _aPrimer registro de Stegomyrmex (Hymenoptera: Formicidae) para Colombia |
| 246 | 3 | _aFirst record of Stegomyrmex (Hymenoptera: Formicidae) For Colombia | |
| 041 | 0 | _aEspaƱol | |
| 100 | 1 |
_aSerna C., Francisco J. _999623 |
|
| 942 | _cARTICULO | ||
| 773 | 1 |
_tCaldasia _h1 _q217-219 _d2002 _g24 |
|
| 999 |
_c15394 _d15394 |
||